000 00392cam a2200157ua 4500
041 _aeng
_h
082 _a621.8
_bSHA/TH
100 _aShah, J M .
245 _aTheory of machines /
_cJ M Shah.
_hTextual Documents
260 _aDelhi :
_bMetropolitan book co. Pvt Ltd ,
_c1966.
300 _a734 ; .
504 _a
700 1 _aJagadishlal, .
942 _cBK
999 _c10484
_d10484